[Event "NOR-chB"]
[Site "Oslo"]
[Date "2023.07.06"]
[Round "7"]
[White "Egeland, Finn"]
[Black "Moseng, Geir"]
[Result "1-0"]
[WhiteElo "1902"]
[BlackElo "1986"]
[PlyCount "87"]
[EventDate "2023.06.30"]
[EventType "swiss"]
[EventRounds "9"]
[EventCountry "NOR"]
[SourceTitle "EXT 2024"]
[Source "ChessBase"]
[SourceDate "2023.10.10"]
[SourceVersion "1"]
[SourceVersionDate "2023.10.10"]
[SourceQuality "1"]

1. Nf3 Nf6 2. c4 g6 3. b3 Bg7 4. Bb2 0-0 5. g3 d6 6. d4 c5 7. Bg2 Nbd7 8. d5 b5 9. Nbd2 Ba6 10. Qc2 Rb8 11. 0-0 bxc4 12. bxc4 Nb6 13. Rab1 Qd7 14. Ba1 Qa4 15. Qxa4 Nxa4 16. Rb3 Rb4 17. Rc1 Rfb8 18. Bh3 Ne8 19. Bxg7 Kxg7 20. Ne1 Nb6 21. Nd3 Ra4 22. Rc2 Nc7 23. e4 Rd8 24. Rbc3 Bc8 25. Bxc8 Rxc8 26. f4 f6 27. e5 f5 28. a3 Ra6 29. Rb3 Rd8 30. Nb2 Ne8 31. Re3 Kf8 32. Nf3 h6 33. Nh4 Kf7 34. Rce2 Nc8 35. Nd3 Rxa3 36. exd6 Ra1+ 37. Kg2 Nexd6 38. Ne5+ Kf6 39. Nc6 Re8 40. Re6+ Kg7 41. Rxg6+ Kh7 42. Ree6 Ra2+ 43. Kh3 Nf7 44. Nxf5 1-0

[Event "Stjernen CC-ch A"]
[Site "Oslo"]
[Date "2017.05.02"]
[Round "9"]
[White "Wasshaug, Espen"]
[Black "Egeland, Finn"]
[Result "0-1"]
[WhiteElo "1883"]
[BlackElo "1962"]
[PlyCount "66"]
[EventDate "2017.02.07"]
[EventType "swiss"]
[EventRounds "9"]
[EventCountry "NOR"]
[SourceTitle "EXT 2024"]
[Source "ChessBase"]
[SourceDate "2023.10.10"]
[SourceVersion "1"]
[SourceVersionDate "2023.10.10"]
[SourceQuality "1"]

1. d4 Nf6 2. c4 e6 3. Nc3 Bb4 4. Qc2 d5 5. Bg5 0-0 6. e3 c5 7. Nf3 Nbd7 8. Bd3 dxc4 9. Bxh7+ Kh8 10. Ne5 cxd4 11. exd4 Qa5 12. Nxd7 Nxd7 13. h4 g6 14. f4 Qf5 15. Qe2 Qd3 16. Qxd3 cxd3 17. Bxg6 fxg6 18. h5 Kg7 19. h6+ Kh7 20. 0-0-0 Bxc3 21. bxc3 Nf6 22. Rhe1 Bd7 23. Rxd3 Rac8 24. d5 Bb5 25. dxe6 Bxd3 26. e7 Rf7 27. Rd1 Rxe7 28. Bxf6 Rd7 29. g4 Rc6 30. Be5 Ra6 31. Bd4 Bc4 32. a3 Rxa3 33. Kb1 Rd5 0-1

[Event "Oslo Nordstrand op"]
[Site "Oslo"]
[Date "2017.04.22"]
[Round "2"]
[White "Egeland, Finn"]
[Black "Al Tarbosh, Ward"]
[Result "0-1"]
[WhiteElo "1961"]
[BlackElo "2219"]
[PlyCount "115"]
[EventDate "2017.04.21"]
[EventType "swiss"]
[EventRounds "5"]
[EventCountry "NOR"]
[SourceTitle "CBM 178 Extra"]
[Source "ChessBase"]
[SourceDate "2017.06.22"]
[SourceVersion "1"]
[SourceVersionDate "2017.06.22"]
[SourceQuality "1"]

1. e4 e6 2. d4 d5 3. Nc3 Nf6 4. e5 Nfd7 5. f4 c5 6. Nf3 Nc6 7. Be3 a6 8. Qd2 b5 9. dxc5 Bxc5 10. 0-0-0 Qb6 11. Nd4 Bb7 12. h4 h5 13. Rh3 Nxd4 14. Bxd4 Bxd4 15. Qxd4 Qxd4 16. Rxd4 g6 17. Be2 Ke7 18. a4 bxa4 19. Nxa4 Bc6 20. Ra3 Rhb8 21. g3 Bb5 22. Nc3 Bxe2 23. Nxe2 Rb6 24. Rda4 Rab8 25. Nd4 Ra8 26. Ra5 Kd8 27. Nb5 f6 28. exf6 Nxf6 29. Nc3 Ne8 30. Na4 Rc6 31. Nc5 Nc7 32. Nd3 Rb6 33. Ne5 Rab8 34. Rc5 R8b7 35. Rac3 Nb5 36. Rc8+ Ke7 37. R3c6 Rxc6 38. Rxc6 Nd4 39. Rxa6 Ne2+ 40. Kb1 Nxg3 41. Ra8 Nf5 42. Rg8 Rb5 43. Rxg6 Nxh4 44. Rg7+ Kd6 45. Rd7+ Kc5 46. Rh7 Kd4 47. Rxh5 Nf5 48. Rh1 Ke4 49. Nd3 Ne3 50. Rh5 Nc4 51. Kc1 Ra5 52. Kd1 Ra2 53. Ke2 Nxb2 54. Re5+ Kd4 55. Nb4 Ra4 56. Nc6+ Kc3 57. Rxe6 Rxf4 58. Ke3 0-1

[Event "Stjernen CC-ch A"]
[Site "Oslo"]
[Date "2017.03.07"]
[Round "4"]
[White "Egeland, Finn"]
[Black "Chikwati, Elvis"]
[Result "0-1"]
[WhiteElo "1962"]
[BlackElo "1763"]
[PlyCount "110"]
[EventDate "2017.02.07"]
[EventType "swiss"]
[EventRounds "9"]
[EventCountry "NOR"]
[SourceTitle "EXT 2024"]
[Source "ChessBase"]
[SourceDate "2023.10.10"]
[SourceVersion "1"]
[SourceVersionDate "2023.10.10"]
[SourceQuality "1"]

1. e4 d6 2. d4 g6 3. c3 Nf6 4. Bd3 Bg7 5. Nf3 Nc6 6. Bg5 Bg4 7. h3 Bxf3 8. Qxf3 a6 9. 0-0 0-0 10. Nd2 e5 11. d5 Nb8 12. Qe3 Nbd7 13. b4 Rc8 14. Nb3 c5 15. dxc6 Rxc6 16. c4 Qe7 17. Rfd1 Rfc8 18. a4 Nf8 19. c5 dxc5 20. b5 axb5 21. axb5 R6c7 22. Bc4 Ne6 23. Bh4 Nd4 24. Ra7 Qd6 25. f3 Nh5 26. Be1 Nf4 27. Ba5 b6 28. Ra6 Rb7 29. g3 Nfe6 30. Be1 Rd8 31. Kf2 Nc7 32. Na5 Rbb8 33. Nc6 Nxa6 34. Nxd8 Qxd8 35. bxa6 Qc8 36. Bc3 b5 37. Bd5 Qxa6 38. Ra1 Qb6 39. Ba5 Qd6 40. Qc3 b4 41. Qc4 Qf6 42. Qd3 Qe7 43. Kg2 h6 44. Qc4 Bf8 45. f4 Kg7 46. f5 gxf5 47. Rf1 b3 48. exf5 f6 49. Bc3 b2 50. Rb1 Qd7 51. g4 Nc2 52. Qe4 Qxd5 53. Qxd5 Ne3+ 54. Kf3 Nxd5 55. Rxb2 Rxb2 0-1

[Event "Stjernen CC-ch A"]
[Site "Oslo"]
[Date "2017.02.14"]
[Round "2"]
[White "Andersen, Guttorm"]
[Black "Egeland, Finn"]
[Result "0-1"]
[WhiteElo "1859"]
[BlackElo "1962"]
[PlyCount "78"]
[EventDate "2017.02.07"]
[EventType "swiss"]
[EventRounds "9"]
[EventCountry "NOR"]
[SourceTitle "EXT 2024"]
[Source "ChessBase"]
[SourceDate "2023.10.10"]
[SourceVersion "1"]
[SourceVersionDate "2023.10.10"]
[SourceQuality "1"]

1. d4 Nf6 2. c4 e6 3. Nc3 Bb4 4. e3 0-0 5. Bd3 c5 6. Nge2 d5 7. 0-0 Nc6 8. a3 Bxc3 9. bxc3 Qc7 10. Qc2 Ne7 11. f3 Bd7 12. Ng3 dxc4 13. Be2 b5 14. Bd2 e5 15. dxe5 Qxe5 16. f4 Qc7 17. h3 Rad8 18. e4 Bc6 19. Rad1 Rd7 20. Be3 Rxd1 21. Rxd1 Bb7 22. Bf3 a5 23. Qf2 Rd8 24. Rxd8+ Qxd8 25. Bxc5 Ng6 26. e5 Nd5 27. Ne2 Qc8 28. Qd4 Qc6 29. g3 h6 30. f5 Nxe5 31. Be4 Nd3 32. Bxd5 Qxd5 33. Qxd5 Bxd5 34. Nd4 Nxc5 35. Nxb5 Kf8 36. g4 Ke7 37. Kf2 Kf6 38. Kg3 Ke5 39. Nc7 Bc6 0-1

[Event "Stjernen CC-ch A"]
[Site "Oslo"]
[Date "2017.02.07"]
[Round "1"]
[White "Gressli, Kristoffer"]
[Black "Egeland, Finn"]
[Result "1-0"]
[WhiteElo "1739"]
[BlackElo "1962"]
[PlyCount "115"]
[EventDate "2017.02.07"]
[EventType "swiss"]
[EventRounds "9"]
[EventCountry "NOR"]
[SourceTitle "EXT 2024"]
[Source "ChessBase"]
[SourceDate "2023.10.10"]
[SourceVersion "1"]
[SourceVersionDate "2023.10.10"]
[SourceQuality "1"]

1. d4 Nf6 2. Bf4 e6 3. Nf3 c5 4. e3 Nc6 5. c3 d5 6. Bd3 Bd6 7. Bg3 b6 8. Qa4 Bd7 9. Bxd6 Nxd4 10. Qd1 Nc6 11. Bg3 Qe7 12. Ne5 0-0 13. Nxd7 Nxd7 14. Bb5 Rac8 15. Nd2 e5 16. 0-0 f5 17. f4 e4 18. Qa4 Ndb8 19. Rfe1 Na5 20. b4 Nac6 21. Bxc6 Nxc6 22. b5 Na5 23. Qd1 c4 24. Nf1 Qc5 25. a4 Nb3 26. Ra2 Rfd8 27. Qh5 Qf8 28. Bf2 Nc5 29. Ng3 g6 30. Qg5 Rd7 31. Ne2 Ra8 32. Nd4 a6 33. Rea1 Nb3 34. Rb1 axb5 35. Nxb5 Ra6 36. Nd4 Nc5 37. h4 Rg7 38. Be1 Qe8 39. Rab2 Nxa4 40. Rb5 Ra5 41. h5 Kh8 42. h6 Rf7 43. Rxa5 bxa5 44. Rb5 Kg8 45. Rxd5 Rd7 46. Qf6 Nb6 47. Rxd7 Qxd7 48. Qxb6 a4 49. Qb4 Qa7 50. Qxc4+ Kf8 51. Qc8+ Kf7 52. Qe6+ Kf8 53. Qf6+ Kg8 54. Qg7+ Qxg7 55. hxg7 Kxg7 56. c4 Kf7 57. Bb4 Ke8 58. Nb5 1-0

[Event "Oslo Stjernens op"]
[Site "Oslo"]
[Date "2016.03.12"]
[Round "2"]
[White "Egeland, Finn"]
[Black "Tryggestad, Andreas Garberg"]
[Result "0-1"]
[WhiteElo "1946"]
[BlackElo "2198"]
[PlyCount "137"]
[EventDate "2016.03.11"]
[EventType "swiss"]
[EventRounds "5"]
[EventCountry "NOR"]
[SourceTitle "EXT 2019"]
[Source "ChessBase"]
[SourceDate "2018.10.10"]
[SourceVersion "1"]
[SourceVersionDate "2018.10.10"]
[SourceQuality "1"]

1. e4 c5 2. Nf3 e6 3. d4 cxd4 4. Nxd4 Nc6 5. Nc3 Qc7 6. g3 a6 7. Bg2 Nf6 8. 0-0 Be7 9. Be3 0-0 10. Na4 Nxd4 11. Bxd4 e5 12. Be3 b5 13. Nb6 Rb8 14. Nxc8 Rfxc8 15. c3 Bc5 16. Bg5 Ne8 17. Qe2 h6 18. Bd2 Nd6 19. b3 Ba3 20. Rab1 Nb7 21. f4 d6 22. f5 f6 23. g4 Kf7 24. h4 Bc5+ 25. Kh2 Rh8 26. Qd3 Nd8 27. Kg3 Ke7 28. g5 Nf7 29. Qd5 Qd7 30. Bh3 Nd8 31. Rbc1 Nc6 32. b4 Ba7 33. Rfd1 hxg5 34. hxg5 Bf2+ 35. Kg2 Rh4 36. Be1 Bxe1 37. Rxe1 Rbh8 38. Re3 Kd8 39. Rg3 fxg5 40. Rh1 R8h5 41. c4 Ne7 42. Qa8+ Qc8 43. Qa7 g4 44. Rxg4 Qxc4 45. Rxh4 Rxh4 46. f6 Qxe4+ 47. Kg1 Qg6+ 48. Kh2 Rxh3+ 49. Kxh3 gxf6 50. Qxa6 Qe4 51. Qb6+ Kd7 52. Qxb5+ Ke6 53. Rf1 f5 54. Rf2 Qh1+ 55. Kg3 Qg1+ 56. Kf3 e4+ 57. Ke3 f4+ 58. Ke2 f3+ 59. Rxf3 exf3+ 60. Kxf3 Qd1+ 61. Kf2 Qd2+ 62. Kf3 Qxa2 63. Qg5 Qb3+ 64. Kg4 Qd1+ 65. Kh4 Qh1+ 66. Kg3 Nf5+ 67. Kf4 Qh2+ 68. Kg4 Qg3+ 69. Kh5 0-1

[Event "Stjernen CC-ch A"]
[Site "Oslo"]
[Date "2016.??.??"]
[Round "8"]
[White "Chikwati, Elvis"]
[Black "Egeland, Finn"]
[Result "0-1"]
[WhiteElo "1779"]
[BlackElo "1940"]
[PlyCount "62"]
[EventDate "2016.02.02"]
[EventType "swiss"]
[EventRounds "9"]
[EventCountry "NOR"]
[SourceTitle "EXT 2024"]
[Source "ChessBase"]
[SourceDate "2023.10.10"]
[SourceVersion "1"]
[SourceVersionDate "2023.10.10"]
[SourceQuality "1"]

1. Nf3 d5 2. c4 c6 3. b3 Nf6 4. Bb2 Bg4 5. e3 Nbd7 6. Be2 e6 7. d3 a5 8. a3 Be7 9. Nbd2 0-0 10. 0-0 Qb8 11. h3 Bh5 12. Rc1 Rd8 13. Rc2 Nc5 14. Qa1 Bxf3 15. gxf3 dxc4 16. dxc4 Rxd2 17. Rxd2 Nxb3 18. Qd1 Nxd2 19. Qxd2 b5 20. Rb1 b4 21. axb4 axb4 22. Bxf6 gxf6 23. Qd7 Bd6 24. Qxc6 Ra2 25. Kf1 Qf8 26. f4 Rc2 27. Qf3 f5 28. Ra1 b3 29. Ra8 b2 30. Bd3 b1Q+ 31. Kg2 Bb8 0-1

[Event "Stjernen CC-ch A"]
[Site "Oslo"]
[Date "2016.??.??"]
[Round "3"]
[White "Egeland, Finn"]
[Black "Liabotro, Pal Ole"]
[Result "0-1"]
[WhiteElo "1940"]
[BlackElo "2200"]
[PlyCount "106"]
[EventDate "2016.02.02"]
[EventType "swiss"]
[EventRounds "9"]
[EventCountry "NOR"]
[SourceTitle "EXT 2024"]
[Source "ChessBase"]
[SourceDate "2023.10.10"]
[SourceVersion "1"]
[SourceVersionDate "2023.10.10"]
[SourceQuality "1"]

1. e4 e5 2. Nf3 Nc6 3. Bb5 Nd4 4. Nxd4 exd4 5. 0-0 Bc5 6. Bc4 d6 7. d3 Be6 8. c3 dxc3 9. Nxc3 Bxc4 10. dxc4 Ne7 11. a3 a6 12. b4 Ba7 13. Kh1 Qd7 14. Qd3 0-0-0 15. Bb2 f5 16. Rad1 fxe4 17. Nxe4 Qg4 18. f3 Qg6 19. Ng3 Qf7 20. Bd4 Bxd4 21. Qxd4 Nc6 22. Qc3 Qf6 23. Qxf6 gxf6 24. Kg1 Rhe8 25. Rfe1 Ne5 26. Re4 Ng6 27. Rde1 Rxe4 28. Rxe4 d5 29. cxd5 Rxd5 30. Kf2 Kd7 31. Ne2 f5 32. Rd4 Ke6 33. f4 Rxd4 34. Nxd4+ Kd5 35. Ke3 Nxf4 36. Kxf4 Kxd4 37. Kxf5 b6 38. g4 c5 39. bxc5 bxc5 40. Kf6 c4 41. Kg7 c3 42. g5 c2 43. Kxh7 c1Q 44. g6 Qg1 45. h4 Qg4 46. g7 Qxh4+ 47. Kg6 Qg4+ 48. Kf7 Kc4 49. g8Q Qxg8+ 50. Kxg8 a5 51. Kf7 a4 52. Ke6 Kb3 53. Kd5 Kxa3 0-1

[Event "Stjernen CC-ch A"]
[Site "Oslo"]
[Date "2016.??.??"]
[Round "7"]
[White "Fosdahl, Bjorn W"]
[Black "Egeland, Finn"]
[Result "0-1"]
[WhiteElo "1812"]
[BlackElo "1940"]
[PlyCount "62"]
[EventDate "2016.02.02"]
[EventType "swiss"]
[EventRounds "9"]
[EventCountry "NOR"]
[SourceTitle "EXT 2024"]
[Source "ChessBase"]
[SourceDate "2023.10.10"]
[SourceVersion "1"]
[SourceVersionDate "2023.10.10"]
[SourceQuality "1"]

1. d4 Nf6 2. c4 e6 3. Nf3 b6 4. a3 Be7 5. Nc3 Bb7 6. d5 0-0 7. e4 a5 8. Be2 Na6 9. 0-0 Nc5 10. e5 Ne8 11. Be3 f6 12. Qc2 fxe5 13. Nxe5 Bf6 14. Ng4 Nd6 15. Nxf6+ Qxf6 16. Bxc5 bxc5 17. Rad1 Qg5 18. Na4 exd5 19. Nxc5 Bc6 20. h4 Qxh4 21. cxd5 Bb5 22. Bxb5 Nxb5 23. Qd3 Nd6 24. Nxd7 Rf5 25. Qh3 Qxh3 26. gxh3 Nc4 27. Rc1 Nd2 28. Rfd1 Rxd5 29. Ne5 Rad8 30. Rxd2 Rxd2 31. Rxc7 Rxb2 0-1

[Event "Oslo Stjernens op"]
[Site "Oslo"]
[Date "2015.11.08"]
[Round "4"]
[White "Egeland, Finn"]
[Black "Gandrud, Vegar Koi"]
[Result "0-1"]
[WhiteElo "1856"]
[BlackElo "2173"]
[PlyCount "96"]
[EventDate "2015.11.06"]
[EventType "swiss"]
[EventRounds "5"]
[EventCountry "NOR"]
[SourceTitle "CBM 169 Extra"]
[Source "ChessBase"]
[SourceDate "2015.12.18"]
[SourceVersion "1"]
[SourceVersionDate "2015.12.18"]
[SourceQuality "1"]

1. e4 c5 2. Nf3 d6 3. d4 cxd4 4. Nxd4 Nf6 5. Nc3 a6 6. Bg5 Nbd7 7. f4 Qc7 8. Qe2 e6 9. 0-0-0 Be7 10. g4 b5 11. Bxf6 Nxf6 12. g5 Nd7 13. Bh3 Nc5 14. f5 b4 15. Nd5 exd5 16. exd5 0-0 17. Rhg1 Re8 18. Kb1 Bd7 19. Qh5 f6 20. Ne6 Bxe6 21. dxe6 Rf8 22. Bg2 Rac8 23. Bd5 fxg5 24. Rxg5 Kh8 25. Rg3 Bf6 26. Rd2 Qe7 27. Rdg2 Be5 28. Rh3 h6 29. Rg6 Rf6 30. Qg5 Rxg6 31. Qxg6 Rf8 32. Qg4 Qf6 33. Qxb4 Qxf5 34. Rf3 Qxf3 35. Bxf3 Rxf3 36. a3 Nxe6 37. Qe4 Rf1+ 38. Ka2 Nc5 39. Qa8+ Kh7 40. h3 Rf2 41. Kb1 Rf4 42. Qg2 a5 43. Qe2 a4 44. Qg2 Rf7 45. Qd5 Rb7 46. c3 Bxc3 47. Qe4+ g6 48. Qe8 Rxb2+ 0-1

[Event "Oslo Stjernens op"]
[Site "Oslo"]
[Date "2015.11.08"]
[Round "5"]
[White "Tenold, Andreas"]
[Black "Egeland, Finn"]
[Result "0-1"]
[WhiteElo "1249"]
[BlackElo "1856"]
[PlyCount "50"]
[EventDate "2015.11.06"]
[EventType "swiss"]
[EventRounds "5"]
[EventCountry "NOR"]
[SourceTitle "CBM 169 Extra"]
[Source "ChessBase"]
[SourceDate "2015.12.18"]
[SourceVersion "1"]
[SourceVersionDate "2015.12.18"]
[SourceQuality "1"]

1. e4 e5 2. Nf3 Nc6 3. d4 exd4 4. Bc4 Bc5 5. Ng5 Nh6 6. Qh5 Qe7 7. 0-0 d6 8. h3 Bd7 9. a3 Ne5 10. Ba2 0-0-0 11. Kh1 f6 12. Nf3 Nhf7 13. Nbd2 g6 14. Qh4 h5 15. Nxe5 Nxe5 16. f3 d3 17. c4 g5 18. Qe1 g4 19. h4 gxf3 20. Nxf3 Rhg8 21. Be3 Rg4 22. Bxc5 dxc5 23. Nxe5 Qxe5 24. Qf2 Bc6 25. Rg1 Qxe4 0-1

[Event "Oslo Nordstrand op"]
[Site "Oslo"]
[Date "2015.04.17"]
[Round "3"]
[White "Egeland, Finn"]
[Black "Smeby, Ole"]
[Result "1-0"]
[WhiteElo "1990"]
[BlackElo "1894"]
[PlyCount "69"]
[EventDate "2015.04.17"]
[EventType "swiss"]
[EventRounds "5"]
[EventCountry "NOR"]
[SourceTitle "CBM 166 Extra"]
[Source "ChessBase"]
[SourceDate "2015.06.18"]
[SourceVersion "1"]
[SourceVersionDate "2015.06.18"]
[SourceQuality "1"]

1. e4 d5 2. exd5 Qxd5 3. Nc3 Qa5 4. d4 c6 5. Nf3 Bg4 6. h3 Bxf3 7. Qxf3 Nf6 8. Bd3 e6 9. 0-0 Bd6 10. Ne4 Nxe4 11. Qxe4 Nd7 12. c4 Nf6 13. Qe2 0-0 14. Bd2 Qc7 15. Bg5 Be7 16. Rad1 Qa5 17. f4 Rfd8 18. Bb1 Rd7 19. f5 Rad8 20. b4 Qxb4 21. fxe6 Rxd4 22. exf7+ Kf8 23. Rxd4 Rxd4 24. Bxf6 gxf6 25. Qh5 Qc5 26. Qh6+ Kxf7 27. Qxh7+ Ke8 28. Qg8+ Kd7 29. Bf5+ Kc7 30. Qc8+ Kb6 31. Rb1+ Ka5 32. Qc7+ Ka4 33. Bc2+ Ka3 34. Kh1 Bd8 35. Qg3+ 1-0

[Event "Oslo Nordstrand op"]
[Site "Oslo"]
[Date "2015.04.17"]
[Round "5"]
[White "Sajjadi, Kimiya"]
[Black "Egeland, Finn"]
[Result "0-1"]
[WhiteElo "1783"]
[BlackElo "1990"]
[PlyCount "54"]
[EventDate "2015.04.17"]
[EventType "swiss"]
[EventRounds "5"]
[EventCountry "NOR"]
[SourceTitle "CBM 166 Extra"]
[Source "ChessBase"]
[SourceDate "2015.06.18"]
[SourceVersion "1"]
[SourceVersionDate "2015.06.18"]
[SourceQuality "1"]

1. d4 d5 2. c4 c6 3. Nf3 Nf6 4. Qc2 g6 5. Bf4 Bf5 6. Qb3 Qb6 7. Qxb6 axb6 8. Nbd2 Na6 9. Rc1 Nh5 10. Bg3 Bh6 11. cxd5 cxd5 12. Nh4 0-0 13. Nxf5 gxf5 14. a3 f4 15. Bh4 Rfc8 16. Rxc8+ Rxc8 17. Kd1 e5 18. dxe5 Nc5 19. f3 Na4 20. Be7 Nxb2+ 21. Ke1 Rc1+ 22. Kf2 Nd1+ 23. Ke1 Ne3+ 24. Kf2 Nf5 25. Bb4 Nhg3 26. Rg1 Bg5 27. Nb3 Bh4 0-1

[Event "Oslo op-B"]
[Site "Oslo"]
[Date "2014.09.28"]
[Round "9"]
[White "Egeland, Finn"]
[Black "Fredriksen, Jan Gunnar"]
[Result "1-0"]
[WhiteElo "1995"]
[BlackElo "1977"]
[PlyCount "65"]
[EventDate "2014.09.28"]
[EventType "swiss"]
[EventRounds "9"]
[EventCountry "NOR"]
[SourceTitle "EXT 2017"]
[Source "ChessBase"]
[SourceDate "2016.10.25"]
[SourceVersion "1"]
[SourceVersionDate "2016.10.25"]
[SourceQuality "1"]

1. e4 c6 2. d4 g6 3. Bd3 Bg7 4. c3 d6 5. Ne2 e5 6. 0-0 Ne7 7. Ng3 exd4 8. f4 Qb6 9. Kh1 Na6 10. f5 gxf5 11. exf5 Be5 12. Nh5 Bd7 13. Nd2 0-0-0 14. Nc4 Qc7 15. Bg5 Be8 16. cxd4 Bxd4 17. f6 Ng6 18. Bf5+ Bd7 19. Qxd4 Bxf5 20. Qxa7 Bd3 21. Nb6+ Qxb6 22. Qxb6 Bxf1 23. Rxf1 Rhe8 24. Ng7 Re5 25. Nf5 Nc5 26. Ne7+ Kd7 27. Bd2 Nxe7 28. fxe7 Kxe7 29. b4 Ne4 30. Qxb7+ Rd7 31. Rxf7+ Kxf7 32. Qxd7+ Kf6 33. Bf4 1-0

[Event "Oslo op"]
[Site "Oslo"]
[Date "2014.04.04"]
[Round "3"]
[White "Egeland, Finn"]
[Black "Tangelder, Yonne"]
[Result "1-0"]
[WhiteElo "1932"]
[BlackElo "1803"]
[PlyCount "89"]
[EventDate "2014.04.04"]
[EventType "swiss"]
[EventRounds "5"]
[EventCountry "NOR"]
[SourceTitle "EXT 2016"]
[Source "ChessBase"]
[SourceDate "2015.10.08"]
[SourceVersion "1"]
[SourceVersionDate "2015.10.08"]
[SourceQuality "1"]

1. e4 e5 2. Nf3 Nc6 3. Bb5 f5 4. d3 fxe4 5. dxe4 Nf6 6. Qe2 Bc5 7. Nc3 d6 8. Bg5 0-0 9. 0-0-0 Kh8 10. Bxc6 bxc6 11. Nxe5 Qe8 12. Nd3 Bd4 13. Bd2 Bxc3 14. Bxc3 Qxe4 15. Rde1 Qxe2 16. Rxe2 Nd5 17. Ba5 Ba6 18. Rd2 Rab8 19. f3 Rb5 20. b4 Rfb8 21. c4 Rxa5 22. bxa5 Bxc4 23. Re1 Kg8 24. Re4 Ba6 25. Nf4 Nxf4 26. Rxf4 Rb5 27. Rb2 g5 28. Rxb5 Bxb5 29. Rg4 Kf7 30. Rxg5 d5 31. Kd2 Bc4 32. a3 Ba2 33. Rh5 Bb1 34. Kc3 Bg6 35. Rh4 c5 36. Rf4+ Ke7 37. h4 Kd6 38. Rf6+ Ke5 39. Ra6 d4+ 40. Kd2 c4 41. Rxa7 d3 42. Rxc7 Kd4 43. Rd7+ Kc5 44. a6 Be8 45. Rd8 1-0

[Event "Oslo op"]
[Site "Oslo"]
[Date "2014.04.04"]
[Round "1"]
[White "Gandrud, Vegar Koi"]
[Black "Egeland, Finn"]
[Result "1/2-1/2"]
[WhiteElo "2251"]
[BlackElo "1932"]
[PlyCount "155"]
[EventDate "2014.04.04"]
[EventType "swiss"]
[EventRounds "5"]
[EventCountry "NOR"]
[SourceTitle "EXT 2016"]
[Source "ChessBase"]
[SourceDate "2015.10.08"]
[SourceVersion "1"]
[SourceVersionDate "2015.10.08"]
[SourceQuality "1"]

1. d4 d5 2. c4 c6 3. Nc3 Nf6 4. Nf3 dxc4 5. a4 Bf5 6. Ne5 Nbd7 7. Nxc4 Qc7 8. f3 e5 9. Be3 Bb4 10. dxe5 Nxe5 11. Nxe5 Qxe5 12. Bd4 Qe7 13. Qb3 Be6 14. Qc2 0-0 15. e4 Rfd8 16. Be3 Nd7 17. Be2 Nc5 18. 0-0 Nb3 19. Rad1 Bc5 20. Rxd8+ Rxd8 21. Bxc5 Qxc5+ 22. Kh1 Rd2 23. Qb1 h6 24. Rd1 Qe3 25. Rxd2 Qxd2 26. Qd3 Qxb2 27. h3 Nc1 28. Qe3 Nxe2 29. Nxe2 Qa1+ 30. Kh2 Qxa4 31. f4 Qa5 32. Qd4 Qb6 33. Qd6 c5 34. Qb8+ Kh7 35. f5 Bc4 36. Nf4 Qc6 37. Qe5 Qc8 38. Qe7 b5 39. f6 b4 40. fxg7 Kxg7 41. Nh5+ Kg8 42. Qe5 f6 43. Nxf6+ Kf7 44. Ng4 Qc6 45. Qb8 Qxe4 46. Qxa7+ Kg6 47. Qxc5 Qf4+ 48. Kg1 Qc1+ 49. Kf2 Qd2+ 50. Kg3 Qc3+ 51. Kh2 Be6 52. Qd6 Qe1 53. Ne5+ Kf6 54. Nd3 Qd2 55. Qf8+ Bf7 56. Qd6+ Kg7 57. Qe5+ Kh7 58. Qe4+ Bg6 59. Qe7+ Kg8 60. Qd8+ Kg7 61. Qc7+ Bf7 62. Qe5+ Kh7 63. Qf5+ Bg6 64. Qd7+ Kg8 65. Qd8+ Kg7 66. Qd4+ Kg8 67. Qc4+ Kh7 68. Qc7+ Kg8 69. Qb8+ Kh7 70. Nxb4 Be4 71. Qc7+ Kg6 72. Qg3+ Kh7 73. Qc7+ Kg6 74. Qg3+ Kh7 75. Na6 Bxg2 76. Qxg2 Qd6+ 77. Kg1 Qxa6 78. Qe4+ 1/2-1/2

[Event "Oslo Vederhus Memorial op B"]
[Site "Oslo"]
[Date "2013.09.29"]
[Round "2"]
[White "Egeland, Finn"]
[Black "Aarnes, Carl Christian"]
[Result "1-0"]
[WhiteElo "1962"]
[BlackElo "1840"]
[PlyCount "109"]
[EventDate "2013.09.29"]
[EventType "swiss"]
[EventRounds "9"]
[EventCountry "NOR"]
[SourceTitle "EXT 2024"]
[Source "ChessBase"]
[SourceDate "2023.10.10"]
[SourceVersion "1"]
[SourceVersionDate "2023.10.10"]
[SourceQuality "1"]

1. e4 e6 2. d4 d5 3. Nc3 Nf6 4. e5 Nfd7 5. f4 c5 6. dxc5 Bxc5 7. Nf3 Nc6 8. Bd3 f6 9. Qe2 Nb4 10. Bd2 a6 11. Nd1 Nxd3+ 12. cxd3 Qb6 13. a3 a5 14. Be3 0-0 15. 0-0 Bxe3+ 16. Nxe3 Nc5 17. Kh1 Nb3 18. Rad1 Bd7 19. exf6 Rxf6 20. Ne5 Bb5 21. Qf2 d4 22. N3g4 Rf5 23. Qg3 Kh8 24. Qh4 Kg8 25. Rf3 Qd8 26. Nh6+ gxh6 27. Qxh6 Qf6 28. Rg3+ Kh8 29. Ng6+ Kg8 30. Ne7+ Kh8 31. Nxf5 Rf8 32. Qxf6+ Rxf6 33. Ne7 h6 34. Rg6 Rxg6 35. Nxg6+ Kg7 36. Ne5 Kf6 37. Kg1 Kf5 38. g3 Be8 39. Kf2 h5 40. Kf3 Nc5 41. h3 Ba4 42. g4+ hxg4+ 43. hxg4+ Kf6 44. Rc1 Nb3 45. Rc7 Be8 46. Rxb7 Nc5 47. g5+ Kf5 48. Rb8 Bh5+ 49. Kg3 Ne4+ 50. dxe4+ Kxe4 51. g6 Bxg6 52. Nxg6 d3 53. Rd8 e5 54. Nxe5 a4 55. Rxd3 1-0

[Event "Oslo Vederhus Memorial op B"]
[Site "Oslo"]
[Date "2013.09.29"]
[Round "3"]
[White "Jorgensen, Line Jin"]
[Black "Egeland, Finn"]
[Result "1-0"]
[WhiteElo "1892"]
[BlackElo "1962"]
[PlyCount "159"]
[EventDate "2013.09.29"]
[EventType "swiss"]
[EventRounds "9"]
[EventCountry "NOR"]
[SourceTitle "EXT 2024"]
[Source "ChessBase"]
[SourceDate "2023.10.10"]
[SourceVersion "1"]
[SourceVersionDate "2023.10.10"]
[SourceQuality "1"]

1. d4 d5 2. c4 e6 3. Nc3 Nf6 4. Bg5 Be7 5. e3 0-0 6. Nf3 Nbd7 7. Bd3 b6 8. 0-0 Bb7 9. cxd5 exd5 10. Rc1 c5 11. Bb1 Re8 12. Re1 a6 13. dxc5 bxc5 14. h3 Qb6 15. Qc2 Qe6 16. Bf4 g6 17. Na4 Rac8 18. Qb3 Ba8 19. Qc3 Bf8 20. Qa5 Nh5 21. Bh2 Qf6 22. b3 d4 23. e4 Rc6 24. Qd2 h6 25. e5 Qd8 26. Be4 Rce6 27. Bxa8 Qxa8 28. b4 cxb4 29. Nxd4 Qd5 30. Qd1 R6e7 31. Nc6 Qxa2 32. Nxb4 Qa3 33. Nd5 Rxe5 34. Bxe5 Rxe5 35. Rxe5 Nxe5 36. Rc8 Kh7 37. Nac3 Bg7 38. Ne4 Nd3 39. Nec3 Ne5 40. Rb8 a5 41. Ne2 Qc5 42. Ne3 Nf6 43. Qa4 Qd6 44. Ra8 Qd3 45. Qd1 Qb5 46. Nd4 Qb6 47. Qa4 Qb1+ 48. Nf1 Ne4 49. Qc2 Qe1 50. Qe2 Qxe2 51. Nxe2 Nc4 52. Ra7 Kg8 53. Ne3 Nxe3 54. fxe3 Nc3 55. Ra8+ Kh7 56. Nd4 a4 57. Kf1 Be5 58. Ke1 Bd6 59. Nc2 Bg3+ 60. Kd2 Ne4+ 61. Kd3 f5 62. Ra7+ Kg8 63. Kd4 Bd6 64. Rxa4 Kf7 65. Ra6 Be7 66. Kd5 Nf6+ 67. Kc4 Ne4 68. Nd4 Nd6+ 69. Kd5 Ne4 70. Nc6 Bc5 71. Ne5+ Ke8 72. Re6+ Kf8 73. Nxg6+ Kg7 74. Rxe4 fxe4 75. Kxc5 Kxg6 76. Kd4 Kf5 77. g4+ Kg5 78. Kxe4 Kh4 79. Kf5 Kxh3 80. e4 1-0